| 000 | 00474nam a2200181Ia 4500 | ||
|---|---|---|---|
| 005 | 20250508151950.0 | ||
| 008 | 008 250505s9999 xx 000 0 rus d | ||
| 037 | _aBooks to be hide in OPAC | ||
| 040 |
_aFEDL _beng _cFEDL |
||
| 041 |
_arus _2eng |
||
| 084 |
_a891.7, RUS _qFEDL |
||
| 100 |
_aBrodski Kubikou _9760485 |
||
| 245 | 0 | _aRussian literature. Part 1 | |
| 260 | _c1956 | ||
| 300 | _a600p. | ||
| 942 |
_cHB _h891.7, RUS |
||
| 999 |
_c1333256 _d1333256 |
||